Rejuvenation of tile factory, Mangalore (Record no. 9620)

000 -LEADER
fixed length control field 00532nam a22001697a 4500
008 - FIXED-LENGTH DATA ELEMENTS--GENERAL INFORMATION
fixed length control field 210915b ||||| |||| 00| 0 eng d
040 ## - CATALOGING SOURCE
Original cataloging agency BMS College of Architecture
100 ## - MAIN ENTRY--PERSONAL NAME
Personal name Alva, A Pradeep
245 ## - TITLE STATEMENT
Title Rejuvenation of tile factory, Mangalore
300 ## - PHYSICAL DESCRIPTION
Extent 50pp.
500 ## - GENERAL NOTE
General note 1BM07AT030
502 ## - DISSERTATION NOTE
Degree type B.Arch
Name of granting institution BMS College of Architecture, Visvesvaraya Technological University (VTU)
Dissertation note Project report
Year degree granted 2012
650 ## - SUBJECT ADDED ENTRY--TOPICAL TERM
Topical term or geographic name as entry element Mangalore
700 ## - ADDED ENTRY--PERSONAL NAME
Personal name Shobha M N
Relator term Guide
700 ## - ADDED ENTRY--PERSONAL NAME
Personal name K R Madhu Chand
Relator term Guide
942 ## - ADDED ENTRY ELEMENTS (KOHA)
Source of classification or shelving scheme
Koha item type UG-Thesis and Dissertations
Holdings
Withdrawn status Lost status Source of classification or shelving scheme Damaged status Not for loan Permanent Location Current Location Date acquired Barcode Date last seen Koha item type
          BMS College of Architecture, Design and Planning BMS College of Architecture, Design and Planning 2021-09-15 AR-UGP673 2021-09-15 UG-Thesis and Dissertations
Copyright © 2025, The Librarian, Library and Information Centre, BMSCA D&P, Bengaluru. All Rights Reserved
web counter

Powered by Koha